| 000 | 01851cam a22004574i 4500 | ||
|---|---|---|---|
| 003 | PE-LiUPU | ||
| 005 | 20250731172936.0 | ||
| 008 | 150623s r 000 0 d | ||
| 020 | _a0802844448 | ||
| 035 | _a(Sirsi) i9780802844446 | ||
| 040 |
_aPE-LiUPU _bspa _cPE-LiUPU _erda |
||
| 049 | _aPRUA | ||
| 082 | 0 | 4 |
_a226.06 _bG32 _221 |
| 245 | 0 | 4 |
_aThe gospel for all christians : _brethinking the gospel audiences / _cEditado por Richard Bauckham. |
| 264 | 1 |
_aMichigan : _bWilliam B. Eerdmans Publishing Company, _c1998. |
|
| 300 |
_a220 páginas ; _c23 centímetros |
||
| 336 |
_atext _2rdacontent |
||
| 337 |
_aunmediated _2rdamedia |
||
| 338 |
_avolume _2rdacarrier |
||
| 504 | _aBibliografía al pie de páginas. | ||
| 505 | 0 | _aFor whom were gospels written?. -The holy internet: communication between churches in the first christian generation. -Ancient book production and the circulation of the gospels. -About people, by people, for people: gospel genre and audiences. -John for readers of mark. -Can We identify the gospel audiences?. -Toward a literal reading of the gospels. | |
| 526 | _aSEG42 | ||
| 526 | _aSEG41 | ||
| 526 | _aSEG40 | ||
| 526 | _aSEG39 | ||
| 526 | _aP94 | ||
| 526 | _aP87 | ||
| 526 | _aP86 | ||
| 526 | _aP85 | ||
| 526 | _aP77 | ||
| 526 | _aP76 | ||
| 526 | _aP35 | ||
| 630 |
_aBiblia. _pN.T. _pEvangelios _xCrítica, interpretación, etc. |
||
| 700 | 1 |
_aBauckham, Richard, _eed. |
|
| 942 |
_2ddc _cBOOK |
||
| 949 |
_a226.06 G32 _wDEWEY _c1 _i44388 _lCCODEBUL1 _mBUL _r0 _sY _tBOOK _u2015-6-24 _xTEOLOGIA _PP35 _0COMPRA _o.STAFF. Colección General |
||
| 994 |
_aC0 _bPEPRU |
||
| 596 | _a1 | ||
| 999 |
_a226.06 G32 _wDEWEY _c21268 _i44388 _f2021-11-9 _g5 _lCCODEBUL1 _mBUL _r0 _sY _tBOOK _u2015-6-24 _xTEOLOGIA _PP35 _0COMPRA _o.STAFF. Colección General _d21268 |
||
| 980 |
_81 _gALBERTO SANCHEZ Responsable de Automatización |
||